[Event "FIDE World Cup"]
[Site "Khanty-Mansiysk"]
[Date "2005.12.03"]
[Round "3.1"]
[White "Sakaev, Konstantin"]
[Black "Tiviakov, Sergei"]
[Result "1-0"]
[WhiteElo "2668"]
[BlackElo "2700"]
[Annotator "Psakhis,L"]
[PlyCount "131"]
[EventDate "2005.11.27"]
[EventType "k.o."]
[EventRounds "7"]
[EventCountry "RUS"]
[SourceTitle "CBM 111"]
[Source "ChessBase"]
[SourceDate "2006.04.04"]
[SourceVersion "1"]
[SourceVersionDate "2006.04.04"]
[SourceQuality "1"]

1. Nf3 Nf6 2. g3 b6 3. Bg2 Bb7 4. O-O e6 5. d3 d5 6. Nbd2 c5 7. e4 Nc6 8. Re1 (
8. e5 Nd7 9. Re1 Qc7 10. Qe2 Be7 11. h4 h6 12. c3 (12. Nf1 O-O-O 13. N1h2 Rdg8
14. Ng4 Nf8 $11) 12... g5 13. hxg5 hxg5 14. g4 {Horn,Pe: ' '} (14. Nf1 g4 $17)
14... O-O-O (14... d4 15. Nf1 (15. cxd4 Nxd4 16. Nxd4 cxd4 $36) 15... O-O-O 16.
Bd2 (16. cxd4 Nf8 $5 17. dxc5 Bxc5 18. Bxg5 Nd4 19. Nxd4 Rxd4 $40) (16. c4 Kb8
17. Ng3 Rdg8 18. Bd2 Nf8 19. a3 Ng6 20. Nh5 Nh4 21. Nxh4 gxh4 22. Nf4 Bg5 {
0-1 Markosian,D (2425)-Timofeev,S (2295)/Dubna op 2000/EXT 2002 (35)}) 16...
Nf8 17. b4 Ng6 18. b5 dxc3 $8 19. bxc6 Ba6 $1 20. Bxc3 (20. Bc1 Bxd3 $44) 20...
Nf4 21. Qc2 Qxc6 22. Re3 Bxd3 {0-1 Diaz,J-De la Rosa,J/corr 1996/Megacorr/
[Chavez/Perez] (27)}) 15. Nf1 (15. a3) 15... Rdg8 16. Bd2 (16. a3 {/\ b4} c4 $5
17. dxc4 (17. d4 $2 Na5 $17 {[%cal Ya5b3,Yd7f8,Yf8g6]}) 17... dxc4 $1 (17...
Na5) 18. Qxc4 Nc5 19. b4 Ba6 20. b5 Na5 21. Qe2 Bb7 $44 {0-1 Ribeiro,F (2305)
-Illescas Cordoba,M (2620)/Linares zt 1995/ChessBase/[Horn,Pe] (60)}) (16. Ng3
Nf8 17. d4 f6 18. exf6 Bxf6 19. Nh5 Be7 20. dxc5 bxc5 21. b4 c4 22. b5 Nd8 23.
Be3 Kb8 24. Bd4 Rh7 25. Qe3 Qa5 26. Ne5 Ba3 {0-1 D'Amore,C (2456)-Meijers,V 
(2465)/EUR t-ch Leon 2001 (31)}) (16. d4 cxd4 (16... Nf8) (16... Kb8) 17. cxd4
Kb8 18. Bd2 Nf8 19. Rac1 Qd7 20. a3 {Sarkisova-Nevednichaja/Spartakiade/1979}
Ng6 $1 21. b4 Nh4 $40) 16... Kb8 (16... Nf8 17. b4 Ng6 18. b5 Nd8 19. d4 f5 20.
exf6 Bxf6 21. Ng3 Nf4 22. Qf1 Qh7 23. Bxf4 gxf4 {0-1 Laven-Kindermann/BL 1983 
(28)}) 17. Rab1 (17. Rac1 f6 18. d4 fxe5 19. dxe5 Qc8 20. Ng3 Rh4 21. Nxh4 gxh4
22. Nf1 Ndxe5 23. Nh2 c4 24. Bf4 Bd6 {0-1 Mossong-Psakhis,L/Moscow olm 1994/
ChessBase (41)}) 17... d4 18. Ng3 Rh4 $1 19. Nxh4 gxh4 20. Ne4 Ncxe5 21. g5 $8
f5 $17 {0-1 Nazarov,A (2210)-Yandemirov,V (2420)/URS-chT Azov 1991 /ChessBase})
8... Be7 9. c3 Qc7 10. Qe2 (10. a3) 10... b5 11. e5 Nd7 12. Nf1 h6 $146 (12...
a5 13. h4 h6 14. N1h2 c4 15. d4 b4 16. Bf4 a4 17. a3 bxc3 18. bxc3 Na5 19. Nd2
Nb3 20. Ra2 Qa5 21. Nb1 Ba6 22. h5 Bf8 {Goldschmidt,C-Pinnel,P/Dortmund op
1986/ChessBase/1-0 (68)}) (12... d4 13. h4 O-O 14. N1h2 Rfd8 15. h5 c4 16. cxd4
cxd3 17. Qxd3 Nb4 18. Qxb5 Nc2 19. Bd2 Nxa1 20. Rxa1 Nb6 21. Ng4 Qc4 22. Qxc4
Nxc4 23. Bc3 h6 {Barczay,L (2465)-Adamski,J (2470)/Lodz 1978/ChessBase/1/2-1/2
(27)}) (12... b4 13. Bf4 O-O 14. h4 a5 15. h5 Rfe8 16. Rac1 Ba6 17. Ne3 Bf8 ({
RR} 17... Nb6 18. Ng4 Bf8) 18. Nxd5 exd5 19. e6 Nde5 20. Bxe5 Nxe5 21. Qxe5 Qb7
22. Ng5 f6 23. Qxd5 Qe7 24. Nf7 Rab8 25. Qf5 Bb7 26. d4 {1-0 Fridman,
D-Antonson,M/DM 1991/ChessBase}) 13. h4 Nb6 14. Bf4 a5 15. Ne3 b4 16. h5 a4 {
[%cal Ga4a3]} 17. a3 $1 {A typical move, White can't allow Black to play a4-a3.
} bxc3 18. bxc3 Ba6 {Possibly missing White's next move.} (18... Qd8 $5 19.
Rab1 Na5 20. Nd2 $14) 19. Nf5 $1 {A very strong answer, which was certainly
overlooked by Tiviakov.} c4 ({In the case of} 19... exf5 20. e6 Qc8 21. Rab1 {
White's advantage is more than obvious.}) (19... Kf8 20. Nxe7 Nxe7 21. Rab1 $36
) 20. d4 {[%csl Gb3][%cal Of5g7,Gc6a5,Ga5b3]} Kf8 21. Nxe7 Kxe7 22. g4 {
[%mdl 32] Sakaev slowly prepares the breakthrough on the kingside.} Na5 23. Nh4
Nb3 24. Ra2 Kd8 $1 {[%cal Gd8b7] Bringing the king to a safe place.} 25. Bg3
Qe7 26. f4 {[%cal Gf4f5]} Bc8 {Unfortunately Black has to sit and wait while
White strengthens his position.} 27. Rf1 Kc7 28. f5 {[%cal Gf5f6]} Qg5 {
[%cal Gb3c1] With the funny threat Nc1} 29. Rc2 $1 Kc6 30. Kh2 $2 {Too slow!} (
{The simple} 30. fxe6 Bxe6 (30... fxe6 31. Ng6 {[%cal Rg3h4]}) 31. Nf5 Bxf5 32.
Rxf5 Qe7 33. e6 $1 fxe6 34. Bxd5+ $1 {would have brought Sakaev 30 moves
quicker to victory!}) 30... Qe7 {[%csl Ra3]} 31. Ra2 Kb5 32. Bh3 (32. fxe6 $5
Bxe6 33. Nf5 $18) 32... Ra7 33. Ng2 {[%cal Gg3h4,Gg2f4]} Nd7 34. Bh4 Qe8 35.
Ne3 Nf8 36. Bg2 (36. f6 g5 $1) 36... Qc6 37. Nc2 $1 {[%cal Gc2b4]} Nh7 38. Nb4
{[%csl Gb4]} Qd7 39. Qe3 Rc7 40. Raf2 {Black's position is desperately passive.
} Qe8 41. Bf3 Bb7 42. Bd1 {[%cal Gd1c2]} exf5 {Desperation, but I can't see
real improvement for Black in any case.} 43. gxf5 f6 44. e6 {The position is
very close, but White has enough resources to win the game.} Qe7 45. Bg3 Rcc8
46. Bf4 Ng5 47. Rg2 Rhd8 48. Rh1 Kb6 49. Kg1 Rh8 50. Rg4 Rcd8 51. Rh2 Ba8 52.
Be2 Rc8 53. Bf1 Na5 54. Bg2 Rcd8 55. Bh1 Bb7 56. Kf1 Nb3 57. Qg3 Ba8 58. Re2
Rhe8 59. Bf3 Na5 60. Qg2 {[%csl Rd5] Finally White puts all pieces on the best
squares and end of the game is very close.} Qb7 61. Rh4 Nb3 62. Rh2 Nh7 {
Otherwise White would have taken on g5 and h5-h6 would have followed.} 63. Re3
Na5 (63... Ng5 64. Bxg5 fxg5 65. Re5) 64. e7 $1 Rxe7 65. Nxd5+ Rxd5 66. Bxd5 {
A nice technical achieve ment of Konstantin Sakaev.} 1-0

[Event "Sautron op 14th"]
[Site "Sautron"]
[Date "2014.10.26"]
[Round "2"]
[White "Lejarre, Ludovic"]
[Black "Lagarde, Maxime"]
[Result "0-1"]
[WhiteElo "2361"]
[BlackElo "2566"]
[Annotator "RR"]
[PlyCount "102"]
[EventDate "2014.10.26"]
[EventType "swiss"]
[EventRounds "9"]
[EventCountry "FRA"]
[SourceTitle "EXT 2015"]
[Source "ChessBase"]
[SourceDate "2014.11.20"]
[SourceVersion "1"]
[SourceVersionDate "2014.11.20"]
[SourceQuality "1"]
[TimeControl "40/5400+30:1800+30"]

1. e4 {[%emt 0:01:55]} e6 {[%emt 0:00:30]} 2. d3 {[%emt 0:00:48]} d5 {[%emt 0:
00:39]} 3. Nd2 {[%emt 0:00:24]} Nf6 {[%emt 0:00:15]} 4. Ngf3 {[%emt 0:00:16]}
b6 {[%emt 0:00:08]} 5. c3 {[%emt 0:00:43]} (5. g3 {La grande ligne dans cette
française fermée} dxe4 6. dxe4 Bb7) 5... c5 {[%emt 0:01:00]} 6. Qa4+ {
[%emt 0:01:28]} (6. Be2) 6... Bd7 {[%emt 0:00:32]} 7. Qc2 {[%emt 0:00:36]} Nc6
{[%emt 0:00:16]} 8. g3 {[%emt 0:02:13]} (8. Be2 $143 {Dubois,J (2190)-Adrian,C
(2320) FRA-ch 60th Clermont Ferrand 1985 (10) 0-1}) 8... Be7 {[%emt 0:01:44]}
9. Bg2 {[%emt 0:00:13]} Qc7 $146 {[%emt 0:00:52]} (9... O-O 10. O-O Rc8 11. Re1
b5 12. e5 Ne8 13. Nf1 b4 14. h4 Nc7 15. c4 Nd4 16. Nxd4 cxd4 17. Qd1 f5 18.
cxd5 Nxd5 19. Bxd5 exd5 20. Bf4 Be6 21. Nd2 h6 22. Nf3 Qb6 23. Qa4 Kf7 24. Rac1
Rg8 25. Rxc8 Rxc8 26. Rc1 Rxc1+ 27. Bxc1 Bc5 28. Qc2 Qb5 29. b3 Qb6 30. Bb2 Ke7
31. Qc1 Kd7 32. Kf1 f4 33. Qxf4 Qa6 34. Bxd4 Qxd3+ 35. Kg2 Be7 36. Bxa7 Qa6 37.
Qe3 Bf5 38. Bc5 Be4 39. Bxe7 {Malisov,B (2264)-Birnboim,N (2335) Jerusalem
2014 1/2-1/2 (67)}) 10. O-O {[%emt 0:02:41]} Rd8 $5 {[%emt 0:05:22][%cal Gd7c8]
Le GMI commence un plan original en évitant le oo} 11. Re1 {[%emt 0:04:43]}
Bc8 {[%emt 0:00:23]} 12. a3 {[%emt 0:11:33][%cal Gb2b4]} a5 {[%emt 0:08:51]}
13. e5 {[%emt 0:22:07]} Nd7 {[%emt 0:00:41]} 14. d4 {[%emt 0:00:13]} Ba6 $11 {
[%emt 0:02:57]} 15. Nf1 {[%emt 0:04:57]} Rc8 {[%emt 0:01:19]} 16. Qd1 {[%emt 0:
00:23]} b5 {[%emt 0:06:25]} 17. Bg5 {[%emt 0:03:34]} Bf8 $1 {[%emt 0:01:37]}
18. h4 {[%emt 0:07:13]} h6 {[%emt 0:08:09]} 19. Bf4 {[%emt 0:01:11]} c4 {
[%emt 0:01:03]} (19... Qb7 {[%cal Gb5b4]}) 20. Ne3 {[%emt 0:01:20]} Nb6 {
[%emt 0:00:08]} 21. Nh2 {[%emt 0:02:39]} Qd7 {[%emt 0:01:24]} 22. h5 {[%emt 0:
01:33][%csl Rg7] Prend de l'espace à l'aile-roi} Ra8 {[%emt 0:01:36]} 23. g4 {
[%emt 0:01:33]} Kd8 $1 {[%emt 0:01:53]} 24. Bg3 {[%emt 0:00:55]} Kc8 {[%emt 0:
02:29]} 25. f4 {[%emt 0:00:49]} Kb7 {[%emt 0:00:06]} 26. f5 {[%emt 0:02:01]
Les chances sont maintenant réciproques avec une petite avance de
développement pour les Blancs} Na4 {[%emt 0:04:13]} 27. Re2 {[%emt 0:01:20]}
Kb6 {[%emt 0:02:14]} 28. Nf3 {[%emt 0:01:52]} Be7 {[%emt 0:01:13]} 29. Qc2 {
[%emt 0:03:33]} Bb7 {[%emt 0:02:47]} 30. b3 $1 {[%emt 0:03:11][%csl Rb6]} cxb3
{[%emt 0:02:46]} 31. Qxb3 {[%emt 0:00:06][%cal Gc3c4]} Ka7 {[%emt 0:01:56]} 32.
Bf2 {[%emt 0:08:47]} (32. c4 $5 dxc4 33. Nxc4 (33. Qxb5)) 32... Nb6 {[%emt 0:
03:07]} 33. Rb2 {[%emt 0:02:32]} Rab8 {[%emt 0:02:38]} 34. Bf1 {[%emt 0:04:43]}
Ba6 {[%emt 0:02:46]} 35. Bxb5 $6 {[%emt 0:02:32] Force un sacrifice de Q qui
n'est pas clair et cette position critique méritait plus de 2 mns de reflexion
} (35. Rab1 Nc4 36. Nxc4 bxc4 37. Qa4 Rxb2 38. Rxb2 Rb8) (35. Qc2 Nc4 36. Nxc4
bxc4) 35... Bxb5 {[%emt 0:06:15]} 36. Qxb5 {[%emt 0:00:08]} Nc4 {[%emt 0:01:37]
} 37. Nxc4 $8 {[%emt 0:00:12]} Rxb5 {[%emt 0:00:03]} 38. Rxb5 {[%emt 0:00:08]}
Rb8 {[%emt 0:01:00]} 39. Rab1 {[%emt 0:01:51]} (39. a4 $5 {[%cal Ga1b1]
Peut-être un peu plus précis mais Rab1 est plus naturel} dxc4 40. d5+ Ka8 41.
dxc6 $44) 39... Rxb5 {[%emt 0:07:41]} 40. Rxb5 {[%emt 0:00:00]} dxc4 {[%emt 0:
00:00]} 41. d5+ $1 {[%emt 0:02:50]} Ka8 {[%emt 0:00:49]} 42. dxc6 {[%emt 0:00:
29]} Qxc6 {[%emt 0:00:08]} 43. Rxa5+ {[%emt 0:01:36]} Kb8 {[%emt 0:00:51]} 44.
Nd4 {[%emt 0:01:19]} Qe4 {[%emt 0:00:10]} 45. fxe6 {[%emt 0:02:18]} fxe6 {
[%emt 0:00:47]} 46. Ra6 {[%emt 0:09:29]} Bc5 {[%emt 0:04:51]} 47. Rxe6 {
[%emt 0:00:49]} Qxg4+ {[%emt 0:00:06][%csl Rd4,Re6]} 48. Kf1 {[%emt 0:00:36]}
Qh3+ {[%emt 0:00:27]} (48... Bxd4 49. Re8+) 49. Kg1 {[%emt 0:00:19]} Qxc3 {
[%emt 0:00:25]} 50. Nc6+ {[%emt 0:01:18]} Kc7 {[%emt 0:00:05]} 51. Rg6 {
[%emt 0:01:15]} Qe1+ {[%emt 0:00:06]} 0-1

[Event "POL-chT 66th"]
[Site "Katowice"]
[Date "2010.09.05"]
[Round "2"]
[White "Hnydiuk, Aleksander"]
[Black "Czarnota, Pawel"]
[Result "0-1"]
[WhiteElo "2448"]
[BlackElo "2524"]
[Annotator "RR"]
[PlyCount "226"]
[EventDate "2010.09.04"]
[EventType "team-tourn"]
[EventRounds "9"]
[EventCountry "POL"]
[SourceTitle "EXT 2016"]
[Source "ChessBase"]
[SourceDate "2015.10.08"]
[SourceVersion "1"]
[SourceVersionDate "2015.10.08"]
[SourceQuality "1"]
[WhiteTeam "Prokonex"]
[BlackTeam "Szkola Grudziadz"]
[WhiteTeamCountry "POL"]
[BlackTeamCountry "POL"]

1. e4 c5 2. Nf3 e6 3. g3 Nc6 4. Bg2 Nf6 5. Qe2 d5 6. d3 {La partie a
transposé dans une française fermée} Be7 7. O-O b6 (7... b5 {[%cal Gc5c4,
Ga7a5,Gc8a6]} 8. Re1 O-O 9. Nbd2 a5 10. e5 Nd7 11. Nf1 a4 $132) 8. e5 Nd7 9. c4
$1 (9. h4 Bb7 10. Re1) 9... d4 10. h4 (10. Nfd2 $5 {[%cal Gg2c6] Semble plus
logique après avoir joué c4 qui provoque l'ouverture de la grande diagonale}
Bb7 11. f4 Qc7 12. Ne4 $14 {Felgaer,R (2561)-El Debs,F (2467) Pan American
Continental 2009 (9) 1-0}) 10... Bb7 (10... h6 11. h5 Qc7 12. Bf4 Bb7 13. Nbd2
O-O-O 14. Rfe1 Rdg8 15. Ne4 g5 16. hxg6 Rxg6 17. a3 h5 18. b4 Rhg8 19. Nd6+
Bxd6 20. exd6 Qd8 21. b5 Na5 22. Ne5 Nxe5 23. Qxe5 Bxg2 24. Kxg2 h4 25. Qe4 Kd7
26. Rh1 Rg4 27. Rh3 Qf6 28. Kf3 Qh8 29. Rah1 f5 30. Qe5 Rxf4+ 31. Qxf4 Rg4 32.
Qc1 Qa8+ 33. Ke2 Nb3 34. Qc2 hxg3 35. f3 Rg5 36. Qxb3 f4 37. Qd1 {1-0 (37)
Bologan,V (2680)-Dvirnyy,D (2492) Caleta 2012}) 11. Bf4 h6 $1 {Comme les Noirs
n'ont pas roqué, l'attaque Blanche à l'aile-roi n'est pas dangereuse} 12. h5
g5 $1 13. hxg6 fxg6 14. g4 h5 $5 $146 (14... g5 15. Bg3 Nf8 {Liwak,P (2272)
-Wisniewski,A (2226) POL-ch U18 Wisla 2000 (9) 1/2}) 15. gxh5 (15. g5 O-O $1 {
[%cal Gf8f4]} 16. Bd2 Rf7 (16... Qe8 17. Nh4 (17. Bh3 Qf7)) 17. Na3 a6 18. Rae1
Kg7 19. Bh3 Nf8 $17 {[%cal Gf8e6,Gf8g6]}) 15... Rxh5 16. Nbd2 Rf5 (16... Kf7 {
[%cal Gf7g7]} 17. Ne4 Kg7 $13) 17. Bg3 Qc7 18. Rae1 O-O-O $15 19. Ne4 Ncxe5 20.
Nxe5 Nxe5 21. Nxc5 bxc5 22. Bxe5 Bd6 23. Bxb7+ Qxb7 {[%csl Gb7,Rg1][%cal Gd8h8]
} 24. Bg3 e5 25. Qe4 $1 {Continue les simplifications et le Bd6 n'est pas
trés bon en finale} Rd7 26. Qxb7+ Rxb7 27. Re2 Rh7 28. Kg2 Kd7 29. Rfe1 Rhh5
30. Re4 $14 {[%csl Rd6,Rg6] Les Blancs ont rétabli une position compromise à
la fin de l'ouverture et ils ont une finale un peu meilleure.} Ke6 31. Rg4 Kf6
32. Bh4+ Kf7 (32... g5 $143 {[%csl Rd6]}) 33. Bg3 Rh8 34. Rge4 Kf6 35. Bh4+ Ke6
36. Bg3 a5 37. Rg4 Kf6 38. Rh4 Rxh4 39. Bxh4+ Ke6 40. Bg3 Rh5 41. Re4 Kf5 42.
Re1 Rh7 43. Kf3 Rb7 44. Re2 a4 45. Kg2 g5 {[%csl Rd6] Encore un P sur cases
Noires} 46. f3 Rb6 47. Kf2 Bc7 48. Kf1 $1 {[%cal Ge2h2,Ge2b2]} Rb8 49. Rh2 g4
50. fxg4+ Kxg4 51. Be1 e4 $1 {[%cal Gc7h2]} 52. Rh4+ Kg5 53. Rxe4 Rxb2 $17 {
[%csl Ra2,Gb2]} 54. Re2 $4 Rb1 $2 (54... a3 $19) 55. Kf2 Rd1 56. Re7 Bd6 57.
Rd7 Bf4 58. Ke2 Ra1 59. Ba5 Be3 (59... Rxa2+ 60. Kf3 Be3 61. Ke4 {[%csl Rc5]
[%cal Ge4d5]}) 60. Kf3 Rxa2 61. Rd5+ Kg6 62. Rxc5 Rf2+ 63. Kg4 a3 64. Bb4 a2
65. Ra5 Rb2 66. Bc5 Rf2 67. Ra6+ Kf7 68. Bb6 Ke7 69. c5 Kd7 70. c6+ $1 Kxc6 71.
Bxd4+ Kb5 72. Rxa2 Rf4+ 73. Kg3 Rxd4 74. Kf3 Rxd3 {Début d'une finale très
difficile à gagner} 75. Ke4 Rc3 76. Kd5 {Le K Blanc doit s'efforcer de rester
au maximum au centre} Bc5 77. Ra8 Rd3+ 78. Ke4 Rd7 79. Ke5 Kc4 80. Ra4+ Bb4 81.
Ra8 Re7+ 82. Kf6 Re2 83. Ra4 Kb5 84. Ra8 Kc6 85. Ra6+ Kd5 86. Kf7 Re7+ 87. Kf6
Rb7 88. Ra8 Bc3+ 89. Kg6 Be5 {Les Noirs ont progressé un peu en repoussant le
K Blancs vers le coin mais c'est encore nulle} 90. Ra6 (90. Ra5+ Ke4 91. Ra4+
Bd4) 90... Ke4 91. Ra4+ Bd4 92. Kh6 Rd7 93. Kg6 Rg7+ $1 94. Kh6 Rg2 $1 {
[%csl Gg2,Rh6] La position Blanche commence à être compliquée à jouer avec
un K coupé et à la bande} 95. Kh7 Rg4 $1 {[%cal Gg4d4,Ge4f5]} 96. Ra5 Rg7+
97. Kh6 Rg2 98. Ra4 Ke5 99. Ra5+ Kf6 100. Kh5 (100. Ra6+ $2 Kf5 101. Ra5+ Be5
$19) 100... Be5 101. Kh4 Kf5 102. Ra3 Rg8 103. Kh3 Rg6 104. Rf3+ Bf4 105. Ra3
Ke4 106. Rb3 Be3 107. Kh4 Kf3 108. Rb5 Ra6 109. Rf5+ Ke4 110. Rb5 Bf4 111. Rb4+
$2 (111. Rb3 $11) 111... Kf5 112. Kh3 (112. Rb5+ Be5 113. Kh5 Ra8) 112... Ra2
113. Rb5+ Be5 0-1

[Event "Poikovsky Karpov 15th"]
[Site "Poikovsky"]
[Date "2014.05.20"]
[Round "9"]
[White "Nepomniachtchi, Ian"]
[Black "Jakovenko, Dmitrij"]
[Result "1-0"]
[WhiteElo "2735"]
[BlackElo "2730"]
[Annotator "RR"]
[PlyCount "81"]
[EventDate "2014.05.11"]
[EventType "tourn"]
[EventRounds "9"]
[EventCountry "RUS"]
[EventCategory "18"]
[SourceTitle "CBM 161"]
[Source "ChessBase"]
[SourceDate "2014.07.16"]
[SourceVersion "1"]
[SourceVersionDate "2014.07.16"]
[SourceQuality "1"]

{Früher galt der Königsindische Angriff eher als Waffe für Theoriefaule, heute
muss man nicht nur Kenntnisse bis weit ins Mittelspiel besitzen, sondern die
Eröffnung kann sogar einige russische Topspieler zu ihren Vertretern rechnen.
Beim Turnier in Poikovsky kam sie auch aufs Brett und brachte den Verlierer
der Partie um den Turniersieg.} 1. Nf3 Nf6 2. g3 d5 3. Bg2 e6 4. O-O Be7 5. d3
O-O 6. Nbd2 c5 7. e4 Nc6 8. Re1 b5 9. e5 Nd7 10. Nf1 a5 11. h4 b4 12. h5 a4 13.
h6 g6 14. a3 bxa3 15. bxa3 Ba6 16. N1h2 Rc8 $6 {Der Turmzug stellt keine
Verbesserung gegenüber sofortigem} (16... Rb8 {dar.}) 17. Ng4 Nd4 {Das gilt
als gängiges Verfahren, um die Stellung am Damenflügel noch mehr zu öffnen und
Weiß so vom Angriff am Königsflügel abzuhalten. Allerdings wird der Bauer d4
schwach sein.} 18. Nxd4 cxd4 19. Bd2 Rb8 20. Ra2 Rb5 21. Qa1 Qb6 22. Bb4 $1 {
Der Tausch der schwarzfeldrigen Läufer macht die schwarze Königsstellung noch
anfälliger. Am deutlichen weißen Vorteil gibt es nun kaum noch Zweifel.} Bc5
23. Nh2 Nb8 24. Bxc5 Qxc5 25. Qc1 Nd7 26. Nf3 Rfb8 27. Qf4 (27. Qg5 {geht auch.
}) 27... Rb2 28. Rxb2 Rxb2 29. Ng5 {Das ist nicht schlecht, aber} (29. Nxd4 $1
{ergibt klareren Vorteil:} Qxa3 30. Bxd5 $1 exd5 ({oder} 30... Qb4 31. Re4 $1 {
und Schwarz steckt in großen Schwierigkeiten.}) 31. e6 fxe6 32. Rxe6 $18) 29...
Qe7 30. Bxd5 $1 $16 Rxc2 ({Nicht} 30... exd5 $2 31. e6 f6 32. exd7 (32. Qc7)
32... Qxe1+ 33. Kg2 Qe7 34. Qc7 {und Weiß wandelt um.}) 31. Bc4 Bxc4 32. dxc4
d3 $6 {Letztlich geht der Bauer verloren.} ({Zäher ist} 32... Nc5 33. Rb1 Nb3 {
aber Weiß sollte sich nach} 34. Ne4 $1 Rxc4 35. Nf6+ Kh8 36. Nd7 $1 Rc8 37. Nb6
Rd8 38. Nxa4 g5 39. Qg4 Na5 40. Nb6 {ebenfalls durchsetzen.}) 33. Rd1 d2 ({
Wieder verlängert} 33... Nc5 {die Partie nur:} 34. Ne4 Nxe4 35. Qxe4 Qc5 36.
Qf3 d2 37. Kg2 {und die Probleme sind am Brett kaum zu lösen.}) 34. Rxd2 $18
Rxd2 35. Qxd2 Nxe5 36. Qb2 Qd6 ({Stattdessen reicht auch} 36... f6 {nicht,
denn nach} 37. c5 $1 Qxc5 38. Qb7 $1 Qc1+ 39. Kh2 Ng4+ 40. Kg2 Ne3+ 41. fxe3
Qc2+ 42. Kh3 Qf5+ 43. g4 Qf1+ 44. Qg2 Qxg2+ 45. Kxg2 fxg5 46. Kf3 {ist Schwarz
im Bauernendspiel verloren.}) 37. c5 Qd1+ 38. Kg2 Qd5+ 39. f3 Kf8 40. c6 Ke7
41. c7 1-0

[Event "Rohde op 09th"]
[Site "Sautron"]
[Date "2009.10.26"]
[Round "4"]
[White "Haub, Thorsten Michael"]
[Black "Bedouin, Xavier"]
[Result "1-0"]
[WhiteElo "2478"]
[BlackElo "2353"]
[Annotator "RR"]
[PlyCount "59"]
[EventDate "2009.10.24"]
[EventType "swiss"]
[EventRounds "9"]
[EventCountry "FRA"]
[SourceTitle "EXT 2010"]
[Source "ChessBase"]
[SourceDate "2010.11.25"]
[SourceVersion "1"]
[SourceVersionDate "2010.11.25"]
[SourceQuality "1"]
[TimeControl "40/6000+30:1800+30"]

1. g3 d5 2. Bg2 Nf6 3. d3 e6 4. Nf3 Be7 5. O-O O-O 6. Nbd2 c5 7. e4 Nc6 8. Re1
b5 9. a4 bxa4 10. Rxa4 Rb8 (10... a5 11. Nb3 Bd7 12. exd5 exd5 13. Bg5 Re8 14.
Bxf6 Bxf6 15. Nxc5 Bxb2 16. Ra2 Bc3 17. Rxe8+ Bxe8 18. Na4 Bf6 19. c3 d4 20. c4
Rb8 21. Nd2 Nb4 22. Ra3 Be7 23. Ne4 Qc7 24. h4 h6 25. Bf1 f5 {Ljubojevic,L 
(2620)-Panno,O (2520)/Manila 1976/IZT/0-1 (46)}) (10... Bd7 {[%cal Gd7a4]}) 11.
Nf1 Rb4 12. c3 Rxa4 13. Qxa4 Qb6 14. Ne3 $14 {[%cal Ge3d5]} Bd7 (14... Rd8) 15.
Qa2 Qa5 $6 (15... dxe4 16. Nc4 Qb5 17. dxe4) 16. Qxa5 Nxa5 17. exd5 exd5 18.
Nxd5 $1 {[%cal Gg2d5] Une "petite combinaison" qui gagne un P} Nxd5 19. Nd2 {
[%csl Rd5,Re7]} Be6 20. Bxd5 $36 Bxd5 21. Rxe7 Nc6 22. Re1 Rd8 23. f4 Kf8 24.
Kf2 Na5 25. c4 Be6 26. Re3 Rb8 27. Re5 Nb3 28. Nxb3 Rxb3 29. Ke2 Bg4+ 30. Kd2
1-0